The bisarita valley / (Record no. 135191)
[ view plain ]
| 000 -LEADER | |
|---|---|
| fixed length control field | 00583nam a22002177a 4500 |
| 005 - DATE AND TIME OF LATEST TRANSACTION | |
| control field | 20170124110241.0 |
| 010 ## - LIBRARY OF CONGRESS CONTROL NUMBER | |
| LC control number | 183466 |
| 020 ## - INTERNATIONAL STANDARD BOOK NUMBER | |
| Terms of availability | 00.00 |
| 035 ## - SYSTEM CONTROL NUMBER | |
| System control number | 183466 |
| 037 ## - SOURCE OF ACQUISITION | |
| Source of stock number/acquisition | Cen Lib/Ret |
| 040 ## - CATALOGING SOURCE | |
| Original cataloging agency | DPL |
| Language of cataloging | EN |
| 082 ## - DEWEY DECIMAL CLASSIFICATION NUMBER | |
| Classification number | 914.98 |
| Item number | CAM |
| 100 ## - MAIN ENTRY--PERSONAL NAME | |
| Personal name | Camilar, Eusebiu |
| 9 (RLIN) | 95033 |
| 245 ## - TITLE STATEMENT | |
| Title | The bisarita valley / |
| Statement of responsibility, etc | by Eusebiu Camilar |
| 260 ## - PUBLICATION, DISTRIBUTION, ETC. (IMPRINT) | |
| Name of publisher, distributor, etc | Bucharest |
| Place of publication, distribution, etc | Language Publishing House |
| 270 ## - ADDRESS | |
| City | Bucharest |
| 300 ## - PHYSICAL DESCRIPTION | |
| Extent | 92p. |
| Dimensions | 27cm(Hb) |
| Other physical details | ill. |
| 650 ## - SUBJECT ADDED ENTRY--TOPICAL TERM | |
| Topical term or geographic name as entry element | World history |
| 9 (RLIN) | 95034 |
| 650 ## - SUBJECT ADDED ENTRY--TOPICAL TERM | |
| Topical term or geographic name as entry element | History, Ancient |
| 9 (RLIN) | 87744 |
| 942 ## - ADDED ENTRY ELEMENTS (KOHA) | |
| Source of classification or shelving scheme | Dewey Decimal Classification |
| Koha item type | English Books |
| Classification part | 914.98 |
| Call number suffix | CAM |
| Withdrawn status | Lost status | Damaged status | Not for loan | Collection code | Home library | Current library | Date acquired | Source of acquisition | Cost, normal purchase price | Total Checkouts | Full call number | Barcode | Date last seen | Copy number | Cost, replacement price | Price effective from | Koha item type |
|---|---|---|---|---|---|---|---|---|---|---|---|---|---|---|---|---|---|
| Not For Loan | Reference | Central Library | Central Library | 03/10/2015 | Cen Lib/Ret | 0.00 | 914.98 CAM | 183466 | 03/10/2015 | 1 | 0.00 | 03/10/2015 | English Books |
